|
|
|
|
| LEADER |
01498nam a2200445Ia 4500 |
| 001 |
EBC592931 |
| 003 |
MiAaPQ |
| 005 |
20200520144314.0 |
| 006 |
m o d | |
| 007 |
cr cn||||||||| |
| 008 |
100412s2010 nyu sb 001 0 eng d |
| 010 |
|
|
|z 2010013809
|
| 020 |
|
|
|z 9780415440424
|
| 020 |
|
|
|z 0415440424
|
| 020 |
|
|
|z 9780415440431
|
| 020 |
|
|
|z 0415440432
|
| 020 |
|
|
|z 9780203841815
|
| 020 |
|
|
|z 0203841816
|
| 035 |
|
|
|a (MiAaPQ)EBC592931
|
| 035 |
|
|
|a (Au-PeEL)EBL592931
|
| 035 |
|
|
|a (CaPaEBR)ebr10428066
|
| 035 |
|
|
|a (CaONFJC)MIL289851
|
| 035 |
|
|
|a (OCoLC)681484213
|
| 040 |
|
|
|a MiAaPQ
|c MiAaPQ
|d MiAaPQ
|
| 050 |
|
4 |
|a HF5549
|b .H82 2010
|
| 082 |
0 |
4 |
|a 658.3
|2 22
|
| 245 |
0 |
0 |
|a Human resource management
|h [electronic resource] :
|b the key concepts /
|c edited by Chris Rowley and Keith Jackson.
|
| 260 |
|
|
|a New York :
|b Routledge,
|c 2010.
|
| 300 |
|
|
|a xxxiv, 286 p.
|
| 490 |
1 |
|
|a Routledge key guides
|
| 504 |
|
|
|a Includes bibliographical references and index.
|
| 533 |
|
|
|a Electronic reproduction. Ann Arbor, MI : ProQuest, 2015. Available via World Wide Web. Access may be limited to ProQuest affiliated libraries.
|
| 650 |
|
0 |
|a Personnel management.
|
| 650 |
|
0 |
|a Management.
|
| 655 |
|
4 |
|a Electronic books.
|
| 700 |
1 |
|
|a Rowley, Chris,
|d 1959-
|
| 700 |
1 |
|
|a Jackson, Keith,
|d 1957-
|
| 710 |
2 |
|
|a ProQuest (Firm)
|
| 830 |
|
0 |
|a Routledge key guides.
|
| 856 |
4 |
0 |
|u https://ebookcentral.proquest.com/lib/matrademy/detail.action?docID=592931
|z Click to View
|